Más allá de punta temor /
Guardado en:
| Autor Principal: | |
|---|---|
| Formato: | |
| Series: | Argentina visión
|
| Materias: | |
| Etiquetas: |
Agregar Etiqueta
Sin Etiquetas, Sea el primero en etiquetar este registro!
|
| LEADER | 01006ngm a22002655g 4500 | ||
|---|---|---|---|
| 001 | CEM.cems021926 | ||
| 008 | 130507b1993##################0###0#####d | ||
| 005 | 20240920134101.0 | ||
| 245 | 1 | 0 | |a Más allá de punta temor / |c Eduardo L. Sánchez. |
| 300 | |a 55'. | ||
| 490 | 0 | |a Argentina visión | |
| 500 | |a En soporte VHS, consultar en ventanilla. | ||
| 538 | |a Soporte: VHS - Norma: Pal N - Color - Grabación DRD 1993 - Hitachi=0000 | ||
| 505 | 0 | |a El Delta del Paraná. Los primeros pobladores. Testimonio de pobladores actuales. La economía del Delta. La organización actual. Las inundaciones. La explotación forestal: cómo se transporta. | |
| 100 | 1 | |a Sánchez, Eduardo L. | |
| 082 | 9 | 1 | |. 2/ARG |
| 653 | |a GEOGRAFIA | ||
| 653 | |a RIO PARANA | ||
| 653 | |a DELTA DEL PARANA | ||
| 653 | |a ARGENTINA | ||
| 653 | |a ARGENTINA-GEOGRAFIA | ||
| 653 | |a INUNDACIONES | ||
| 653 | |a NIVEL PRIMARIO | ||
| 653 | |a NIVEL SECUNDARIO | ||
| 859 | |a CEMS |b BIB. CEMS - Depto. Recursos Didacticos |h 918.2 |i ARG |k DRD |p 569.12 |t Ej.1 | ||
